| 000 | 01130pam a2200349 a 4500 | ||
|---|---|---|---|
| 001 | 4889390 | ||
| 003 | OSt | ||
| 005 | 20140310184455.0 | ||
| 008 | 930820r19941951nyua j 000 1 eng | ||
| 010 | _a 93036242 | ||
| 020 |
_a0590481886 _c$3.99 ($4.99 Can.) |
||
| 040 |
_aDLC _cDLC _dDLC |
||
| 042 | _alcac | ||
| 050 | 0 | 0 |
_aPZ 7 _b.Sa25Li 1951 |
| 100 | 1 |
_aSauer, Julia L. _q(Julia Lina), _d1891- _928341 |
|
| 240 | 1 | 0 | _aLight at Christmas |
| 245 | 1 | 4 |
_aThe light at Tern Rock / _cJulia L. Sauer ; illustrated by Georges Schreiber. |
| 260 |
_aU.S.A. : _bPuffin Books, _c1951. |
||
| 300 |
_a62 p. : _bill. ; _c19 cm. |
||
| 490 | 0 | _aPuffin Newberry library | |
| 521 | 1 | _aG6 | |
| 526 | _c820 | ||
| 650 | 1 |
_aLighthouses _xFiction. _928342 |
|
| 650 | 1 |
_aChristmas _xFiction. _928343 |
|
| 700 | 1 |
_aSchreiber, Georges, _eill. _928344 |
|
| 906 |
_a7 _bcbc _corignew _d1 _eocip _f19 _gy-gencatlg |
||
| 942 |
_2lcc _cBK-SCHOLAS |
||
| 999 |
_c34654 _d34654 |
||